000
00336nam a22001577a 4500
003
SGT
020
_a
978-0-323-05355-6
082
_a
617.51
_b
H11S
100
_a
SOM, PETER M.
245
_a
HEAD AND NECK IMAGING
250
_a
5TH
260
_a
NEW YORK
_b
ELSEVIER
_c
2011
300
_a
1613, 2947
650
_a
ENT
942
_2
ddc
_c
BK
999
_c
19622
_d
19622